000 00415nam a2200157 i 4500
001 bg
245 0 _aMały leksykon techniczny - technologia mechaniczna /
_cmateriały zebr. i zredag. Aniela Topulos.
260 _aWarszawa :
_bWNT,
_c1977.
650 9 _aTechnologia
655 _aEncyklopedie
040 _cBPK
041 _apol
080 _a621.7
942 _cKS
008 s pl f |000 0 pol
999 _c17261
_d17261
856 _uhttp://koha.tu.koszalin.pl/cgi-bin/koha/opac-detail.pl?biblionumber=17261
_yKatalog online BPK